00666 2200265 4500001002100000008004100021035002000062245006000082100001800142260003600160300002000196020002200216084002000238082001400258650002000272990001200292990001200304990001200316990001200328990001200340990001200352990001200364990001200376990001200388INLIS000000000015707 ind  a0010-0323000155 aPerhaps LovecDian Mariani; penyunting, Aprilia Wirahma aDIAN, Mariani aJakarta :bBhuana Sastra,c2019 a342 hal.c19 cm a978-623-216-333-1 a899.221 3 DIA p a899.221 3 aFIKSI INDONESIA a10564 a a10564 b a10564 c a10564 d a10564 e a10564 f a10564 g a10564 h a10564 i